000 00792nam a2200229Ia 4500
003 OSt
005 20220923230938.0
006 a|||||r|||| 00| 0
007 ta
008 220922b |||||||| |||| 00| 0 hin d
024 _a317,519
037 _cTextual
040 _aARTS
_cARTS
_bhin
041 _2hin
_ahin
082 _aO152,1(Delta25):g, J7
100 _aशर्मा, विनय मोहन
245 0 _aहिन्दी को मराठी संतो की देन
246 _aHindī ko marāṭhī santo kī dena
260 _aपटना
_b बिहार-राष्ट्रभाषा-परिषद
_c1957
942 _hO152,1(Delta25):g, J7
_cTEXL
_2CC
999 _c388408
_d388408